| 000 | 00633nam a2200181Ia 4500 | ||
|---|---|---|---|
| 003 | LDD | ||
| 008 | 190117s9999 xx 000 0 und d | ||
| 020 | _c₹150 | ||
| 040 | _cLDD | ||
| 041 | _ahi | ||
| 082 | _a8H7.7 बा5605 | ||
| 245 | 0 |
_aबाबू गुलाबराव की हास्य व्यंग रचनाएं _b Babu, Gulabray ki hasya vyang rachnayen |
|
| 260 |
_aनई दिल्ली _bवाणी प्रकाशन _c2004 |
||
| 300 | _a546p. | ||
| 901 | _aVANI | ||
| 904 | _aReqst by : Parakh, Jawarimal (Dr.) | ||
| 942 |
_2ddc _cH |
||
| 999 |
_c175182 _d175182 |
||